Estatísticas para Cães

Clique aqui para jogar o quiz

Estatísticas Gerais

  • Esse quiz foi jogado 44 vezes
  • A pontuação média é 7 de 15

Estatísticas das Respostas

Resposta% Correto
Pastor Alemão
100%
Dálmata
95%
Siberian Husky
89%
Bulldog
84%
Poodle
84%
Pug
81%
Beagle
68%
Chihuahua
38%
Dachshund
24%
Rough Collie
22%
Cocker
19%
Shiba Inu
14%
Bichon Frise
5%
Bloodhound
5%
Great Dane
3%

Distribuição das Pontuações

Percentil de Números Respondidos

Porcentagem de Pessoas com Cada Pontuação

Sua Pontuação Histórica

Você não jogou esse quiz